000 00949nam0a2200277 4500
001 RU\NLR\ONL1\13155
005 20260405090748.0
035 _a(NLR Aleph) 009641899
090 _a9549571
_c9549571
100 _a20080319d1952 |||y0rusy50 ca
101 1 _amyv
_brus
_ccze
102 _aRU
105 _ac |||||||||
200 1 _aВал казнямодо икеле
_fЮ. Фучик
_gрузонь кельстэ ютавтызе П. Гайни
210 _aСаранск
_cМордгиз
_d1952
215 _a115 с., [1] л. портр.
_d20
541 1 _aСлово перед казнью
_zrus
686 1 _aШ6(2=Морд)-92(4Че)-4
700 1 _7ca
_8rus
_aФучик
_bЮ.
_f1903 - 1943
_gЮлиус
_915347
_3RU\NLR\auth\7732339
702 1 _aГайни
_bП.
_gПетр
_4730
801 0 _aRU
_bNLR
_c20080319
_gPSBO
852 _aNLR
_bОНЛ
_jМорд.Э./2-1577
942 _cBOOK
980 _aNB